000 01075nam a22002657a 4500
003 OSt
005 20260601193902.0
008 260508b2004 hk a|||| |||| 00| 0 eng d
020 _a9515581184
040 _aICI
_bspa
_cICI
050 0 _aNK2715
_bF362004 2004
100 1 _aFang, Hai,
_d1963-
_eautor
_934019
245 1 _aThe chair as an example :
_b Chinesism in modern furniture design /
_cFang Hai.
264 _aHelsinki :
_b University of Art and Design Helsinki,
_c2004.
300 _a191 páginas :
_b ilustraciones ;
336 _2rdacontent
_atexto
337 _2rdamedia
_asin medio
338 _2rdacarrier
_avolumen
490 1 _aPublication series of the University of Art and Design Helsinki UIAH. Series A,
_v 49
502 _aTesis (doctoral) -- Taideteollinen korkeakoulu (Helsinki, Finlandia), 2004.
650 _aMuebles modernos
_xDiseño
_xInfluencia china.
_934020
650 _aSillas
_xDiseño
_xHistoria
_ySiglo XX.
_934021
830 _aJulkaisusarja (Taideteollinen korkeakoulu (Helsinki, Finland)).
_pSarja A,
_v49.
_934022
942 _2lcc
_n1
_cB
999 _c22272
_d22272